[Event "IRL-ch 100th Weekday op"]
[Site "Dublin"]
[Date "2021.08.06"]
[Round "5"]
[White "O'Connell, Saul"]
[Black "Kirwan, Finnian"]
[Result "1/2-1/2"]
[WhiteElo "777"]
[BlackElo "700"]
[PlyCount "111"]
[EventDate "2021.08.02"]
[EventType "swiss"]
[EventRounds "5"]
[EventCountry "IRL"]
[SourceTitle "EXT 2022"]
[Source "ChessBase"]
[SourceDate "2021.10.06"]
[SourceVersion "1"]
[SourceVersionDate "2021.10.06"]
[SourceQuality "1"]

1. e4 e5 2. Nf3 Nc6 3. Bc4 Bc5 4. d3 Nge7 5. 0-0 d6 6. Ng5 d5 7. exd5 Nxd5 8. Qf3 Be6 9. Nc3 Nce7 10. Re1 Bd4 11. Nb5 Nc6 12. c3 Bc5 13. d4 Bb6 14. dxe5 Qd7 15. b3 0-0-0 16. Nxe6 fxe6 17. Bxd5 Qxd5 18. Qxd5 Rxd5 19. c4 Rxe5 20. Bb2 Rxe1+ 21. Rxe1 a6 22. Na3 Bd4 23. Bxd4 Nxd4 24. Re4 c5 25. f3 Re8 26. f4 g6 27. Kf2 Kd7 28. Nb1 h5 29. Nd2 Nf5 30. Nf3 Ke7 31. Ne5 Rg8 32. g3 g5 33. fxg5 Rxg5 34. a3 a5 35. Nd3 b6 36. Nf4 Nd6 37. Rxe6+ Kd7 38. Rh6 Rf5 39. Rxh5 Rxh5 40. Nxh5 Ke6 41. Nf4+ Kf5 42. Kf3 b5 43. g4+ Kf6 44. Nd5+ Kg5 45. Nb6 a4 46. cxb5 axb3 47. Na4 Nxb5 48. h4+ Kxh4 49. Kf4 Nxa3 50. g5 Nc4 51. g6 Nb6 52. Nb2 Nd5+ 53. Ke5 Kg5 54. g7 Ne7 55. Ke6 Kg6 56. Kxe7 1/2-1/2

[Event "IRL-ch 100th Weekday op"]
[Site "Dublin"]
[Date "2021.08.02"]
[Round "1"]
[White "Armstrong, Chris"]
[Black "Kirwan, Finnian"]
[Result "1-0"]
[WhiteElo "1550"]
[BlackElo "700"]
[PlyCount "68"]
[EventDate "2021.08.02"]
[EventType "swiss"]
[EventRounds "5"]
[EventCountry "IRL"]
[SourceTitle "EXT 2022"]
[Source "ChessBase"]
[SourceDate "2021.10.06"]
[SourceVersion "1"]
[SourceVersionDate "2021.10.06"]
[SourceQuality "1"]

1. d4 d5 2. c4 c6 3. Nf3 Bg4 4. Ne5 Nd7 5. Nxg4 e6 6. Qb3 Nb6 7. c5 Nd7 8. Qxb7 Qc8 9. Qxc8+ Rxc8 10. Bf4 Be7 11. e3 Nb8 12. Bd3 Nf6 13. Nxf6+ Bxf6 14. 0-0 0-0 15. Nc3 Rcd8 16. b4 a6 17. a4 Rc8 18. b5 axb5 19. axb5 cxb5 20. Nxb5 Be7 21. Bd6 Nc6 22. Bxe7 Nxe7 23. Nd6 Rc7 24. Rfb1 g6 25. Rb7 Rxb7 26. Nxb7 Rb8 27. Rb1 Nc6 28. Nd6 Nb4 29. Be2 f6 30. Bb5 Nc6 31. Ra1 Rb6 32. cxb6 Nb4 33. b7 Kg7 34. b8Q Nc6 1-0